Cánh chim nhỏ giữa sào huyệt địch

Đã lưu trong:
Sonraí Bibleagrafaíochta
Príomhúdar: Cao, Kim
Formáid: Leabhar
Teanga:Undetermined
Foilsithe: Hà Nội Đại học Quốc gia Hà Nội 2017
Ábhair:
Clibeanna: Cuir Clib Leis
Gan Chlibeanna, Bí ar an gcéad duine leis an taifead seo a chlibeáil!
Thư viện lưu trữ: Trung tâm Học liệu Trường Đại học Cần Thơ
LEADER 00586nam a2200193Ia 4500
001 CTU_227102
008 210402s9999 xx 000 0 und d
082 |a 895.9223081 
082 |b K310 
100 |a Cao, Kim 
245 0 |a Cánh chim nhỏ giữa sào huyệt địch 
245 0 |c Cao Kim 
260 |a Hà Nội 
260 |b Đại học Quốc gia Hà Nội 
260 |c 2017 
650 |a Văn học Việt Nam,Vietnamese literature 
650 |y Thế kỷ 20,20th century 
910 |b dqhieu 
980 |a Trung tâm Học liệu Trường Đại học Cần Thơ